Christian psychology / (Record no. 142002)

MARC details
000 -LEADER
fixed length control field 00571nam a22001937a 4500
005 - DATE AND TIME OF LATEST TRANSACTION
control field 20170627145446.0
010 ## - LCCN (DPL NO)
LC control number ENG-118933
020 ## - INTERNATIONAL STANDARD BOOK NUMBER
International Standard Book Number 9788184656060
Terms of availability 295.00
035 ## - SYSTEM CONTROL NUMBER
System control number EN-102465
037 ## - SOURCE OF ACQUISITION
Source of stock number/acquisition DBAD/PUB
082 ## - DEWEY DECIMAL CLASSIFICATION NUMBER
Classification number 280
100 ## - MAIN ENTRY--PERSONAL NAME
Personal name Regulas, Bouvert
245 ## - TITLE STATEMENT
Title Christian psychology /
Statement of responsibility, etc by Bouvert Regulas
260 ## - PUBLICATION, DISTRIBUTION, ETC. (IMPRINT)
Place of publication, distribution, etc Delhi
Name of publisher, distributor, etc ISPCK
Date of publication, distribution, etc 2017
270 ## - ADDRESS
Address Post Box 1585, 1654, Madarsa Road, Kashmere Gate, Delhi-110006
300 ## - PHYSICAL DESCRIPTION
Extent viii,242p
Dimensions 23cm.(pbk)
500 ## - GENERAL NOTE
General note Includes bibliographical refrence
942 ## - ADDED ENTRY ELEMENTS (KOHA)
Source of classification or shelving scheme Dewey Decimal Classification
Item type English Books
Classification part 280
Call number suffix REG
Holdings
Withdrawn status Lost status Not for loan Collection code Home library Current library Date acquired Source of acquisition Cost, normal purchase price Full call number Barcode Copy number Cost, replacement price Koha item type
    Not For Loan Non-fiction D.B.Act.Division Bawana 27/06/2017 DBAD/PUB 295.00 280 REG EN-102465 1 295.00 English Books

© Delhi Public Library
Hit Counter
free hit counter